000
00277nam a2200121Ia 4500
003
OSt
005
20220927103747.0
006
a|||||r|||| 00| 0
007
ta
008
220926s9999 xx 000 0 und d
020
_a
"Its Training for industry series,1"
024
_a
VIENNA"
999
_c
684901
_d
684901